L'industrie Automobile
Đã lưu trong:
| 主要作者: | |
|---|---|
| 格式: | 图书 |
| 语言: | Undetermined |
| 出版: |
Paris
Presses Universitaires de France
1956
|
| 主题: | |
| 标签: |
添加标签
没有标签, 成为第一个标记此记录!
|
| Thư viện lưu trữ: | Trung tâm Học liệu Trường Đại học Cần Thơ |
|---|
| LEADER | 00510nam a2200193Ia 4500 | ||
|---|---|---|---|
| 001 | CTU_86772 | ||
| 008 | 210402s9999 xx 000 0 und d | ||
| 082 | |a 338.4 | ||
| 082 | |b P615 | ||
| 100 | |a Pierjant, Jean | ||
| 245 | 0 | |a L'industrie Automobile | |
| 245 | 0 | |c Jean Pierjant | |
| 260 | |a Paris | ||
| 260 | |b Presses Universitaires de France | ||
| 260 | |c 1956 | ||
| 650 | |a Automobile industry and trade | ||
| 650 | |z France | ||
| 904 | |i Năm | ||
| 980 | |a Trung tâm Học liệu Trường Đại học Cần Thơ | ||